NLSUI OPAC header image

Hidden agendas (Record no. 37571)

MARC details
000 -LEADER
fixed length control field 01378nam a2200217Ia 4500
003 - CONTROL NUMBER IDENTIFIER
control field OSt
005 - DATE AND TIME OF LATEST TRANSACTION
control field 20210409101201.0
008 - FIXED-LENGTH DATA ELEMENTS--GENERAL INFORMATION
fixed length control field 160316s1998 xxu||||| |||| 00| 0 eng d
020 ## - INTERNATIONAL STANDARD BOOK NUMBER
International Standard Book Number 9780099741510
040 ## - CATALOGING SOURCE
Transcribing agency n
082 ## - DEWEY DECIMAL CLASSIFICATION NUMBER
Classification number 327.000000
Item number PIL
100 ## - MAIN ENTRY--PERSONAL NAME
Personal name Pilger John
245 ## - TITLE STATEMENT
Title Hidden agendas
260 ## - PUBLICATION, DISTRIBUTION, ETC.
Place of publication, distribution, etc. New York
Name of publisher, distributor, etc. New Press
Date of publication, distribution, etc. 1998
300 ## - PHYSICAL DESCRIPTION
Extent 412p
365 ## - TRADE PRICE
Price amount Gratis
505 ## - FORMATTED CONTENTS NOTE
Formatted contents note Summary: <br/>In this powerful book, journalist and film maker John Pilger strips away the layers of deception, dissembling language and omission that prevent us from understanding how the world really works.<br/><br/>From the invisible corners of Tony Blair's Britain to Burma, Vietnam, Australia, South Africa and the illusions of the 'media age', power, he argues, has its own agenda. Unchallenged, it operates to protect its interests with a cynical disregard for people - shaping, and often devastating, millions of lives.<br/><br/>By unravelling the hidden histories of contemporary events, Pilger allows us to read between the lines. He also celebrates the eloquent defiance and courage of those who resist oppression and give us hope for the future. Tenaciously researched and written with passion and wit, Hidden Agendas will change the way you see the world.
650 ## - SUBJECT ADDED ENTRY--TOPICAL TERM
Topical term or geographic name entry element 1. World Politics - 20th Century2. Mass Media - Influence - Culture
700 ## - ADDED ENTRY--PERSONAL NAME
Personal name
--
942 ## - ADDED ENTRY ELEMENTS (KOHA)
Source of classification or shelving scheme Dewey Decimal Classification
Koha item type BOOKs
Holdings
Withdrawn status Lost status Damaged status Not for loan Home library Current library Shelving location Date acquired Total Checkouts Full call number Barcode Date last seen Price effective from Koha item type
        NLS NLS Library Compactors 30/05/2017   327 PIL 31653 30/05/2017 30/05/2017 BOOKs